000 00564nam a2200229Ia 4500
003 OSt
005 20221005123920.0
006 a|||||r|||| 00| 0
007 ta
008 221004b |||||||| |||| 00| 0 tam d
024 _a39481
037 _cTextual
040 _aCRL
_cCRL
_btam
041 _2tam
_atam
082 _aO32,3N25,1, J5
100 _aPillai Gopala
_9626884
245 0 _aMani mekhala
260 _c1934
650 _aTAMIL LITERATURE
942 _hO32,3N25,1, J5
_cTEXL
_2cc
999 _c1048920
_d1048920